000 00737nam a2200289Ia 4500
008 160803s9999 xx 000 0 und d
020 _a9780439294843
100 _aKorman, Gordon
245 _aNo more dead dogs /
245 _cGordon Korman.
260 _aNew York :
260 _bScholastic Inc.
260 _c2000
300 _a180 pages ;
300 _c20 cm
500 _aOriginally published: New York : Hyperion Books for Children, 2000.
650 _aFootball stories.
650 _aSchools --
650 _aSchools --
650 _aTheater --
650 _aTheater --
650 _xFiction.
650 _xFiction.
650 _xJuvenile fiction.
650 _xJuvenile fiction.
700 _a610
999 _c298224
_d298224